000257423 001__ 257423
000257423 005__ 20260426040121.0
000257423 0247_ $$aG:(GEPRIS)588086590$$d588086590
000257423 035__ $$aG:(GEPRIS)588086590
000257423 040__ $$aGEPRIS$$chttp://gepris.its.kfa-juelich.de
000257423 150__ $$aWie man sich selbst in den Flow bringt – Selbstregulatorische Interventionseffekte auf tätigkeitsgebundenes Flow-Erleben$$y2026 -
000257423 371__ $$aDr. Birte Thissen
000257423 450__ $$aDFG project G:(GEPRIS)588086590$$wd$$y2026 -
000257423 5101_ $$0I:(DE-588b)2007744-0$$aDeutsche Forschungsgemeinschaft$$bDFG
000257423 680__ $$a
000257423 909CO $$ooai:juser.fz-juelich.de:1056503$$pauthority:GRANT$$pauthority
000257423 909CO $$ooai:juser.fz-juelich.de:1056503
000257423 980__ $$aG
000257423 980__ $$aAUTHORITY